|
|
|
|
| LEADER |
00000nam0a2200000 4500 |
| 001 |
300967 |
| 005 |
20231102001344.0 |
| 020 |
|
|
|a RU
|b 83-11051
|
| 035 |
|
|
|a (RuTPU)RU\TPU\book\326120
|
| 090 |
|
|
|a 300967
|
| 100 |
|
|
|a 20150721d1982 km y0rusy5003 ca
|
| 101 |
0 |
|
|a rus
|
| 102 |
|
|
|a RU
|
| 105 |
|
|
|a a z 001zy
|
| 200 |
1 |
|
|a Уральские самоцветы. Из истории камнерезного и гранильного дела на Урале
|f В. Б. Семенов, И. М. Шакинко
|
| 205 |
|
|
|a 2-е изд.
|
| 210 |
|
|
|a Свердловск
|c Средне-Уральское книжное изд-во
|d 1982
|
| 215 |
|
|
|a 285 с.
|c ил.
|
| 300 |
|
|
|a На пер. авт. не указаны
|
| 305 |
|
|
|a Загл. 1-го изд.: Завод "Русские самоцветы"
|
| 320 |
|
|
|a Библиогр.: с. 279-284
|
| 606 |
1 |
|
|a Заводы художественной обработки камня
|2 stltpush
|3 (RuTPU)RU\TPU\subj\11211
|9 38181
|
| 610 |
1 |
|
|a Урал
|
| 610 |
1 |
|
|a минералы
|
| 610 |
1 |
|
|a самоцветы
|
| 610 |
1 |
|
|a камнерезное искусство
|
| 610 |
1 |
|
|a Урал
|
| 610 |
1 |
|
|a история
|
| 610 |
1 |
|
|a 19 век
|
| 610 |
1 |
|
|a 18 век
|
| 610 |
1 |
|
|a 20 век
|
| 610 |
1 |
|
|a полудрагоценные камни
|
| 610 |
1 |
|
|a обработка
|
| 675 |
|
|
|a 679.8
|z rus
|v 3
|
| 700 |
|
1 |
|a Семенов
|b В. Б.
|g Владислав Борисович
|4 070
|
| 701 |
|
1 |
|a Шакинко
|b И. М.
|g Игорь Михайлович
|4 070
|
| 801 |
|
0 |
|a RU
|b RuMRKP
|c 19950704
|g psbo
|
| 801 |
|
1 |
|a RU
|b 63413507
|c 20150721
|
| 801 |
|
2 |
|a RU
|b 63413507
|c 20190207
|g RCR
|
| 942 |
|
|
|c BK
|